Tous les cantons des Hauts-de-Seine sur une carte - Statistiques

Statistiques générales
  • Ce quiz a été pris 65 fois
  • Le résultat moyen est 19 sur 23
Réponses sur la Carte
Les réponses sont colorées sur une échelle allant du rouge au vert en fonction du pourcentage des utilisateurs qui les ont devinées à leur premier essai. Vous pouvez retrouver ces pourcentages ci-dessous.
 
Statistiques - réponses
Canton % Correct
Nanterre-1
98%
Nanterre-2
98%
Boulogne-Billancourt-1
93%
Boulogne-Billancourt-2
93%
Colombes-1
91%
Colombes-2
91%
Levallois-Perret
89%
Asnières-sur-Seine
87%
Clichy
87%
Issy-les-Moulineaux
87%
Rueil-Malmaison
87%
Neuilly-sur-Seine
85%
Antony
83%
Montrouge
83%
Courbevoie-1
80%
Courbevoie-2
80%
Clamart
78%
Gennevilliers
76%
Saint-Cloud
74%
Bagneux
70%
Châtillon
67%
Meudon
67%
Châtenay-Malabry
52%
Aucun quiz correspondant
Distribution des résultats
% des personnes avec chaque résultat
Percentile par nombre de réponses
Votre historique - résultats
Vous n’avez pas pris ce quiz